El derecho a la protección de datos personales de los trabajadores: nuevas perspectivas

Zapisane w:
Opis bibliograficzny
1. autor: Rodríguez Escanciano, Susana (Autor)
Format: Książka
Język:hiszpański
Wydane: Albacete Bomarzo 2009
Wydanie:1a. ed
Seria:Básicos de Derecho Social, 43
Hasła przedmiotowe:
Etykiety: Dodaj etykietę
Nie ma etykietki, Dołącz pierwszą etykiete!

MARC

LEADER 00000nam a2200000 a 4500
001 UCH4461
003 CL-VaPUC
008 090820e20090000SP |||||||||||||||||spa|d
020 |a 9788496721777 
082 0 4 |a 346.033  |b ROD  |2 21 
100 0 |a Rodríguez Escanciano, Susana  |e author  |9 539984 
245 1 3 |a El derecho a la protección de datos personales de los trabajadores: nuevas perspectivas 
250 |a 1a. ed 
300 |a 92 p 
942 |c BK 
945 |d 20090820 00:00:00  |a rbrito 
260 |a Albacete  |b Bomarzo  |c 2009 
650 0 |a Derecho a la privacidad  |9 262371 
650 0 |a Trabajadores  |9 260887 
650 0 |a Internet   |9 254823 
650 7 |a DERECHO LABORAL  |2 CL-VaPUC  |9 15 
583 |a last modification  |c 20170803 10:33:10  |k Rodrigo Vera 
490 0 |a Básicos de Derecho Social, 43 
999 |c 335774  |d 335772 
952 |0 0  |1 0  |4 0  |6 346_033000000000000_ROD_2009  |7 0  |8 A  |9 426489  |a BIBDER  |b BIBDER  |d 2019-11-22  |i 4590201  |l 4  |m 1  |o 346.033 ROD 2009  |p 4590201  |r 2023-11-15  |s 2023-11-06  |w 2019-11-22  |y BK  |k DER